| 000 | 00483cam a2200193ua 4500 | ||
|---|---|---|---|
| 001 | 3876 | ||
| 008 | 111207n ii |||gr||||Z||||||asm | ||
| 020 | _a81-7213-021-X | ||
| 040 | _cMAIN | ||
| 082 | _a891.4511 | ||
| 100 | 1 |
_aChetia, Jogen, _eEditor., |
|
| 245 | 1 | 1 |
_aDuwarar kavya prativa _ced. Chetia, Jogen |
| 250 | _a2nd. | ||
| 260 |
_aGuwahati: _bPurbanchal Prakash,993. |
||
| 300 |
_a186p: _c23cm. |
||
| 653 | _aAssamese poem | ||
| 653 | _aDuwarar kavya prativa | ||
| 942 | _cBK | ||
| 999 |
_c3699 _d3699 |
||